000 00312nam a22001337a 4500
008 170327b xxu||||| |||| 00| 0 eng d
020 _a9780397550531
041 _aeng
080 _26 ED
_a615.83
100 _a8
101 _ashm
245 _aPHYSICAL EXAMINATION AND HISTORY TAKING
_cBATES.B
942 _2udc
_cBK
999 _c8750
_d8750